Statistiken für Top 15 der betroffenen Covid-19-Länder - 1. August

Klicken Sie hier um das Quiz zu spielen!

Allgemein

  • Dieses Quiz wurde 14 mal gespielt
  • Das Durchschnittsergebnis liegt bei 16 aus 25

Antwortstatistiken

country% Korrekt
Brasilien
92%
Mexiko
92%
Vereinigte Staaten
92%
Chile
85%
Chile
85%
Indien
85%
Iran
85%
Italien
85%
Peru
85%
Russland
85%
Spanien
85%
Kolumbien
77%
Vereinigtes Königreich
77%
Schweden
69%
Katar
54%
Kuwait
54%
Südafrika
54%
Bahrain
46%
Pakistan
46%
Saudi-Arabien
38%
Oman
31%
Armenien
23%
Panama
23%
Israel
15%
Singapur
15%

Verteilung der Resultate

Perzentil nach korrekt beantworteten Fragen

Anzahl Personen mit jedem Resultat

Ihre Resultats-Entwicklung

Sie haben dieses Quiz noch nicht gespielt